00301nam a2200121Ia 45000030006000000080041000060400015000471000040000622450039001022600009001415460012001500050017001620STCL150530s9999 xx 000 0 und d aSTCLcSTCL aSrikanteswaram Padmanabha Pillai,G. aSabdataravali Malayalam Dictimnary c1964 aEnglish20220125170649.0